La responsabilidad ante el parlamento
Gorde:
| Egile nagusia: | |
|---|---|
| Formatua: | Liburua |
| Hizkuntza: | gaztelania |
| Argitaratua: |
Madrid
J. A. García
1901
|
| Gaiak: | |
| Etiketak: |
Etiketa erantsi
Etiketarik gabe, Izan zaitez lehena erregistro honi etiketa jartzen!
|
MARC
| LEADER | 00000nam a2200000 a 4500 | ||
|---|---|---|---|
| 001 | UCT9614 | ||
| 003 | CL-VaPUC | ||
| 008 | 970411e19010000SP |||||||||||||||||spa|d | ||
| 082 | 0 | 4 | |a 342.05 |b JIM |2 21 |
| 100 | 0 | |a Jiménez Aquino, Miguel |e author |9 382472 | |
| 245 | 1 | 3 | |a La responsabilidad ante el parlamento |
| 300 | |a 594 p | ||
| 942 | |c BK | ||
| 945 | |d 19970411 00:00:00 |a paguirre | ||
| 260 | |a Madrid |b J. A. García |c 1901 | ||
| 650 | 0 | |a Parlamento |9 338611 | |
| 650 | 7 | |a SISTEMAS POLITICOS |2 CL-VaPUC |9 382473 | |
| 650 | 0 | |a Democracia |9 255256 | |
| 650 | 0 | |a Derecho constitucional |9 222588 | |
| 650 | 0 | |a Derechos civiles y políticos |9 338684 | |
| 650 | 0 | |a Responsabilidad administrativa |9 256129 | |
| 651 | 0 | |a España |9 254926 | |
| 583 | |a last modification |c 19970411 00:00:00 |k Rodrigo Vera | ||
| 999 | |c 257996 |d 257994 | ||
| 952 | |0 0 |1 0 |4 0 |6 342_050000000000000_JIM_1901 |7 0 |8 X |9 281733 |a BIBDER |b BIBDER |d 2019-11-19 |i 1826727 |o 342.05 JIM 1901 |p 1826727 |r 2023-01-25 |w 2019-11-19 |y BK_X |k DER | ||